000 00329nam a22001337a 4500
008 180127b xxu||||| |||| 00| 0 eng d
020 _a1563635704
041 _aeng
080 _a615
100 _a5
101 _aSHF
245 _aPDR for Nonprescription Drugs, Dietary Supplements, and Herbs
_cSanborn, K.D
942 _2udc
_cBK
999 _c41077
_d41077